000 00712nam a2200229Ia 4500
005 20260430150755.0
008 008 250103s9999 xx 000 0 hin d
037 _aTheses
040 _aCRL
040 _bhin
040 _chin
041 _2hin
041 _ahin
084 _qCRL
100 _aपंवार, अतुल, ले.
_9868677
245 0 _aभारतीय अभिलेखों में प्रतिबिंबित शासन व्यवस्था
260 _c2023
300 _a234पृ0
700 _aदिल्ली विश्वविद्यालय. कला संकाय. संस्कृत
942 _cTH
999 _c1850706
_d1850706